000 00321nam a22001337a 4500
008 170130b xxu||||| |||| 00| 0 eng d
020 _a0201024039
041 _aeng
080 _a61
100 _a3
101 _aSHMI
245 _aTAKE CARE OF YOURSELF/ A CONSUMER GUIDE TO MEDICAL CARE
_cVICKERY, D.M
942 _2udc
_cBK
999 _c3951
_d3951